000 00913nam a2200265 i 4500
001 175438
003 ES-MaACL
005 20251218174610.0
007 t|
008 101027s1977 sp o r ||||1| spa d
020 _a84-369-0197-5
080 _a75 Sáez, Luis
080 _a929 Sáez, Luis
100 1 _aSastre, Luis.
_9103920
245 1 0 _aLuis Sáez /
_cLuis Sastre.
260 _a[Madrid] :
_bDirección General del Patrimonio Artístico y Cultural,
_cD. L. 1977.
300 _a111 p. :
_bfot. col. y n. ;
_c17 cm.
490 1 _aArtistas españoles contemporáneos. Pintores ;
_v141
504 _aBibliografía: p. 111.
600 1 4 _aSáez, Luis.
_9101356
710 0 _aEspaña.
_bDirección General del Patrimonio Artístico y Cultural.
_93790
830 0 _aArtistas españoles contemporáneos. Pintores
_v141
_9189664
852 _aES-MaACL
_j2261-F-94
_xOlim P-1916
999 _c175438
_d175438